Villes de France en A - Statistiques

Statistiques générales
  • Ce quiz a été pris 182 fois
  • Le résultat moyen est 9 sur 15
Statistiques - réponses
Indices Villes % Correct
Ville surnommée "La Cité des papes" Avignon
89%
Grande ville de l'Ouest, capitale historique de l'Anjou Angers
85%
Ville du Lot-et-Garonne, avec pour spécialité les pruneaux Agen
83%
Ville picarde, abritant la maison de Jules Verne Amiens
78%
Ville surnommée la Venise des Alpes Annecy
73%
Ville étant la préfecture du Pas-de-Calais Arras
71%
Ville bourguignonne, avec pour symboles Guy Roux et les escargots Auxerre
69%
Ancienne ville, théâtre d'un célèbre siège en 52 avant JC Alésia
67%
Ville des Bouches-du-Rhône, ancienne capitale provinciale de la Rome Antique Arles
62%
Ville du sud de la France, lieu de naissance du peintre Paul Cézanne Aix-en-Provence
60%
Ville auvergnate, souvent la plus froide de France sur les cartes météo Aurillac
54%
Ville parmi les préfectures les moins peuplées de France, dans le Gers Auch
49%
Ville des Hauts-de-Seine, homonyme d'un attaquant brésilien de Manchester United Antony
43%
Ville des Pyrénées-Atlantiques, connue pour ses nombreux spots de surfs Anglet
33%
Ville la plus peuplée d'Ardèche, au Nord du département Annonay
23%
Aucun quiz correspondant
Distribution des résultats
% des personnes avec chaque résultat
Percentile par nombre de réponses
Votre historique - résultats
Vous n’avez pas pris ce quiz